An analysis of the long-run prospect of economic development in Pakistan (Record no. 45676)
[ view plain ]
| 000 -LEADER | |
|---|---|
| fixed length control field | 00838nam a2200265 a 4500 |
| 001 - CONTROL NUMBER | |
| control field | 45676 |
| 003 - CONTROL NUMBER IDENTIFIER | |
| rucl marc code | BD-RjUL |
| 005 - DATE AND TIME OF LATEST TRANSACTION | |
| control field | 20211209054043.0 |
| 008 - FIXED-LENGTH DATA ELEMENTS--GENERAL INFORMATION | |
| fixed length control field | 160727s1962 Pk a 000 0 eng |
| 035 ## - SYSTEM CONTROL NUMBER | |
| System control number | (BD-RjUL)45794 |
| System control number | 132567 |
| 040 ## - CATALOGING SOURCE | |
| Original cataloging agency | LC |
| Language of cataloging | eng |
| Transcribing agency | LC |
| Modifying agency | LC |
| 041 ## - LANGUAGE CODE | |
| Language code of text/sound track or separate title | eng |
| 082 04 - DEWEY DECIMAL CLASSIFICATION NUMBER | |
| Classification number | 330.954904 |
| Author mark and year | ANA 1962 |
| Classification number | 330.9/549 s |
| 100 1# - MAIN ENTRY--PERSONAL NAME | |
| Personal name | Fei, John C. H.,. |
| 9 (RLIN) | 139785 |
| 245 13 - TITLE STATEMENT | |
| Title | An analysis of the long-run prospect of economic development in Pakistan |
| Statement of responsibility, etc. | John C. H. Fei [...et.al]. |
| 260 ## - PUBLICATION, DISTRIBUTION, ETC. (IMPRINT) | |
| Place of publication, distribution, etc. | Karachi, |
| Name of publisher, distributor, etc. | Institute of Development Economics, |
| Date of publication, distribution, etc. | 1962. |
| 300 ## - PHYSICAL DESCRIPTION | |
| Pagination | 95 p. : |
| Illustrations | ill. ; |
| Size | 22 cm. |
| 490 0# - SERIES STATEMENT | |
| Series statement | Monographs in the economics of development, ; |
| Volume/sequential designation | no. 9 |
| 651 #0 - SUBJECT ADDED ENTRY--GEOGRAPHIC NAME | |
| Geographic name | Pakistan |
| General subdivision | Economic policy. |
| 9 (RLIN) | 132641 |
| 700 ## - ADDED ENTRY--PERSONAL NAME | |
| Personal name | Fei, John C. H. |
| 942 ## - ADDED ENTRY ELEMENTS (KOHA) | |
| Source of classification or shelving scheme | Dewey Decimal Classification |
| Koha item type | Books |
| Lost status | Source of classification or shelving scheme | Damaged status | Not for loan | Collection code | Permanent Location | Current Location | Shelving location | Date acquired | Source of acquisition | Cost, normal purchase price | Total Checkouts | Full call number | Date last seen | Copy number | Koha item type |
|---|---|---|---|---|---|---|---|---|---|---|---|---|---|---|---|
| Dewey Decimal Classification | Non-fiction | Central Library, University of Rajshahi | Central Library, University of Rajshahi | 05/03/1968 | Great Dev. | 5.00 | 330.954904 ANA 1962 | 27/07/2016 | C-2 | Books | |||||
| Dewey Decimal Classification | Non-fiction | Central Library, University of Rajshahi | Central Library, University of Rajshahi | 05/03/1968 | Great Dev. | 5.00 | 330.954904 ANA 1962 | 27/07/2016 | C-3 | Books |